Treasure Island /
Audiokniha Treasure Island - Ostrov pokladů patří mezi nejznámější díla skotského spisovatele Roberta Louise Stevensona. Slavná kniha se dočkala mnoha divadelních a filmových zpracování. Díky ní se seznámíte s pirátským příběhem v podání rodilé mluvčí.
Uloženo v:
| Hlavní autor: | |
|---|---|
| Médium: | E-audiokniha |
| Vydáno: |
Praha :
Albatros Media a.s.,
2020
|
| Tagy: |
Žádné tagy |
| LEADER | 01164nim a22002297i 4500 | ||
|---|---|---|---|
| 001 | 313111 | ||
| 007 | sr nunnnnnnned | ||
| 044 | |a xr | ||
| 100 | 1 | |a Anglictina.com, |4 aut | |
| 245 | 1 | 0 | |a Treasure Island / |c Anglictina.com, |
| 264 | 1 | |a Praha : |b Albatros Media a.s., |c 2020 | |
| 300 | |a 1 online zdroj (22 min., 0 sek.) | ||
| 336 | |a mluvené slovo |b spw |2 rdacontent | ||
| 337 | |a audio |b s |2 rdamedia | ||
| 338 | |a online zdroj |b cr |2 rdacarrier | ||
| 505 | 0 | 0 | |t Treasure-Island (22 min., 2 sek.) |
| 520 | 2 | |a Audiokniha Treasure Island - Ostrov pokladů patří mezi nejznámější díla skotského spisovatele Roberta Louise Stevensona. Slavná kniha se dočkala mnoha divadelních a filmových zpracování. Díky ní se seznámíte s pirátským příběhem v podání rodilé mluvčí. | |
| 700 | 1 | |a Anglictina.com, |4 nrt | |
| 910 | |a RBIT002 | ||
| 998 | |d 357638 |a https://core.palmknihy.cz/api/books/357638/cover?sli6x1 |b https://core.palmknihy.cz/api/books/357638/cover/400?sli6x1 |c https://core.palmknihy.cz/api/books/357638/cover/50?sli6x1 |e 2031-12-31 |i 8594050430327 |l 1320 |q 49 |r 1 |s https://www.palmknihy.cz/kniha/357638 |t audiobook |y 2020 |z 1 | ||
| 999 | |d 313109 | ||